| 000 | 00541 a2200193 4500 | ||
|---|---|---|---|
| 001 | 138946 | ||
| 003 | OSt | ||
| 005 | 20210928171552.0 | ||
| 008 | |||
| 082 |
_a333.7 _bR13E |
||
| 100 | 1 | _aEnvironment and economics development | |
| 245 | 1 |
_aEnvironment and economics development _cedited by N. Rajalakshmi. |
|
| 260 |
_aNew Delhi _bManak Publications _c2000 |
||
| 300 | _a445p. | ||
| 630 | _aSocial Work | ||
| 630 | _aEconomics development | ||
| 700 |
_aN. Rajalakshmi. _eeditor |
||
| 942 |
_2ddc _cBK |
||
| 999 |
_c11681 _d11681 |
||